| 000 | 02040nam a2200565 i 4500 | ||
|---|---|---|---|
| 001 | 51027 | ||
| 003 | KOSZ 005 | ||
| 005 | 20200114113220.0 | ||
| 008 | 980627s1998 pl a f f |001 0 pol | ||
| 015 | _aPB 1998/8461 | ||
| 020 | _a8320810884 | ||
| 035 | _a991003752529705066 | ||
| 035 | _a(PL-WaBN)b11001707-48omnis_nlop | ||
| 035 | _ab11001707 | ||
| 035 | _a(OCoLC)749672510 | ||
| 035 | _a(PUBLU)vtls000003718 | ||
| 035 | _a(PL)b0000001100170 | ||
| 035 | _a(EXLNZ-48OMNIS_NETWORK)9910043186705606 | ||
| 040 |
_aWA N _cWA N _dKOSZ 005/HR |
||
| 041 | 1 |
_apol _heng |
|
| 080 | _a005.311.6 | ||
| 080 | _a(075.8) | ||
| 100 | 1 |
_aSamuelson, William _eAutor |
|
| 240 | 1 | 0 |
_aManagerial economics _l(pol.) |
| 245 | 1 | 0 |
_aEkonomia menedżerska / _cWilliam F. Samuelson, Stephen G. Marks ; red. nauk. przekł. Ryszard Rapacki ; tł. [z ang.] Bogusław Czarny [et al.]. |
| 246 | 1 |
_iTyt. oryg.: _aManagerial economics, _f1995 |
|
| 260 |
_aWarszawa : _bPolskie Wydaw. Ekonomiczne, _c1998 _e(Krak. : _fDWWLA). |
||
| 300 |
_a870, [2] s. : _brys., wykr. ; _c24 cm. |
||
| 336 |
_2rdacontent _aTekst _btxt |
||
| 337 |
_2rdamedia _aBez urządzenia pośredniczącego _bn |
||
| 338 |
_2rdacarrier _aWolumin _bnc |
||
| 380 | _aKsiążki | ||
| 380 | _aPublikacje dydaktyczne | ||
| 385 |
_mPoziom nauczania _aSzkoły wyższe |
||
| 388 | _a1901-2000 | ||
| 504 | _aBibliogr. przy rozdz. - Indeks. | ||
| 650 | 7 |
_aDecyzje _2DBN |
|
| 650 | 7 | _aGospodarka | |
| 650 | 7 |
_aZarządzanie _2DBN |
|
| 655 | 7 |
_aPodręczniki akademickie _2DBN |
|
| 658 | _aZarządzanie i marketing | ||
| 658 | _aGospodarka, ekonomia, finanse | ||
| 700 | 1 |
_aCzarny, Bogusław _d(1957- ) _eTłumaczenie |
|
| 700 | 1 |
_aMarks, Stephen G. _eAutor |
|
| 700 | 1 |
_aRapacki, Ryszard _d(1949- ) _eRedakcja |
|
| 710 | 2 |
_aPolskie Wydawnictwo Ekonomiczne _4pbl |
|
| 856 |
_uhttp://koha.tu.koszalin.pl/cgi-bin/koha/opac-detail.pl?biblionumber=51027 _yKatalog online BPK |
||
| 942 |
_2UKD _cKS |
||
| 999 |
_c51027 _d51027 |
||